Fyzika pre 2. ročník gymnázií

Bibliographic Details
Main Authors: Svoboda, Emanuel, 1940-2020 (Author), Bartuška, Karel (Author)
Other Authors: Nováková, Anna (Translator)
Format: Book
Language:Slovak
Czech
PhysicalDescription:207 s.
Published: Bratislava Slovenské pedagogické nakladateľstvo 1993
ISBN:8008020997
Edition:3. upr. vyd.
Subjects:

MARC

LEADER 00000nam a2200000 a 4500
001 vtls008166680
003 SK-MaSNL
005 20260302074034.0
008 050411s1993 xo 000 0 slo
020 |a 8008020997 
035 |a SPKKN3130 
040 |a SNK  |b slo  |c SNK  |e AACR2 
041 1 |a slo  |h cze 
044 |a SK 
080 |a 372.853(075.3)  |2 1981 
100 1 |a Svoboda, Emanuel,  |d 1940-2020  |4 aut  |9 210132 
245 1 0 |a Fyzika pre 2. ročník gymnázií  |c Emanuel Svoboda, Karel Bartuška ; z čes. orig. prel. Anna Nováková 
250 |a 3. upr. vyd. 
260 |a Bratislava  |b Slovenské pedagogické nakladateľstvo  |c 1993 
300 |a 207 s. 
650 0 7 |a fyzika  |2 SNKPH  |9 816 
655 7 |a učebnice stredných škôl  |2 SNKPH  |9 69323 
700 1 |a Bartuška, Karel  |4 aut  |9 42755 
700 1 |a Nováková, Anna  |4 trl  |9 8349 
919 |a 80-08-02099-7 
999 |c 1163374  |d 1165304 
952 |a SNK  |b SNK  |y PREZ  |7 0  |p 17A1010541  |o snkSC 84376   |0 0  |1 0  |4 0  |d 2012-08-21  |l 0  |r 2025-08-22 00:00:00  |w 2026-02-24 
952 |t P60, <04>, [BOOK], {604}  |a SNK  |b SNK  |y VYP  |7 0  |p 17A0032191  |o snkSC 84376 D1  |0 0  |1 0  |4 0  |d 1997-01-20  |l 0  |r 2004-12-31 00:00:00  |w 2026-02-24